| 000 | 00508nam a2200169Ia 4500 | ||
|---|---|---|---|
| 003 | OSt | ||
| 005 | 20200728101054.0 | ||
| 008 | 190216s9999||||xx |||||||||||||| ||und|| | ||
| 040 | _coclc | ||
| 082 |
_a510 _bPIL/B |
||
| 100 |
_aPillay, Janardhanan _9533 |
||
| 245 | 0 |
_aB Sc Mathematics / _cJanarddhanan Pillay ; V.G. Vijayalakshmy |
|
| 260 |
_bCalicut University Central Co-Operative, _c2010. |
||
| 300 | _a250p | ||
| 650 | _aMathematics | ||
| 942 |
_cBK _2ddc _h510 _iPIL/B _k510 _mPIL/B |
||
| 999 |
_c32299 _d32299 |
||